000 00301nam a22001337a 4500
020 _a978-81-8495-133-2
082 _a158
_bPIL/C
100 _aPILLAI,RADHAKRISHNAN
245 _aCORPORATE,CHANAKYA
260 _aINDIA
_bJAICO
300 _a317
650 _aPERSONALITY DEVELOPMENT
_zINDIA
942 _cBK
999 _c5378
_d5378